[Event "Titled Tuesday intern op 16th Apr Early"]
[Site "Chess.com INT"]
[Date "2024.04.16"]
[Round "6"]
[White "Darmanin, Jake"]
[Black "Dovzik, Juri"]
[Result "1-0"]
[WhiteElo "2102"]
[BlackElo "2221"]
[PlyCount "47"]
[EventDate "2024.04.16"]
[EventType "swiss (blitz)"]
[EventRounds "11"]
[EventCountry "USA"]
[SourceTitle "CB17_2024"]
[SourceDate "2024.04.24"]
[SourceVersion "1"]
[SourceVersionDate "2024.04.24"]
[SourceQuality "1"]

1. e4 c6 2. d4 Na6 3. c4 e5 4. d5 Nf6 5. Nc3 Nc5 6. f3 a5 7. Bg5 h6 8. Bh4 g5 9. Bg3 d6 10. h4 Nh5 11. Bf2 gxh4 12. Rxh4 Nf4 13. g3 Ng6 14. Rh1 cxd5 15. Nxd5 Be6 16. Bh3 Bg7 17. Bxc5 dxc5 18. Qa4+ Kf8 19. 0-0-0 Bxd5 20. Rxd5 Qg5+ 21. Kb1 Qxg3 22. Qd1 Kg8 23. Bf5 Kh7 24. Nh3 1-0

[Event "Titled Tuesday intern op 02nd Apr Early"]
[Site "Chess.com INT"]
[Date "2024.04.02"]
[Round "1"]
[White "Darmanin, Jake"]
[Black "Arca, Christian Gian Karl"]
[Result "0-1"]
[WhiteElo "2102"]
[BlackElo "2283"]
[PlyCount "100"]
[EventDate "2024.04.02"]
[EventType "swiss (blitz)"]
[EventRounds "11"]
[EventCountry "USA"]
[SourceTitle "CB15_2024"]
[SourceDate "2024.04.10"]
[SourceVersion "1"]
[SourceVersionDate "2024.04.10"]
[SourceQuality "1"]

1. e4 c6 2. d4 d5 3. f3 dxe4 4. fxe4 e5 5. Nf3 Bg4 6. Bc4 Nd7 7. 0-0 Ngf6 8. c3 Bh5 9. Bg5 Qb6 10. Nbd2 Bd6 11. Bb3 Qc7 12. Nc4 0-0 13. Nxd6 Qxd6 14. Qe1 Bxf3 15. Rxf3 exd4 16. Bxf6 gxf6 17. cxd4 Qxd4+ 18. Kh1 Qe5 19. Rf5 Qe7 20. Qh4 Rfe8 21. e5 Nxe5 22. Rxf6 Kh8 23. Raf1 Nd7 24. Rh6 Qxh4 25. Rxh4 f6 26. Bc2 Re7 27. h3 a5 28. Rd1 Rae8 29. Rxh7+ Rxh7 30. Bxh7 Nc5 31. Bf5 Re2 32. Rb1 Na4 33. b3 Nc3 34. Bg4 Nxb1 35. Bxe2 Nc3 36. Bg4 Nxa2 37. Bc8 b5 38. Bd7 Nb4 39. Kg1 a4 40. bxa4 bxa4 41. Kf2 a3 42. Be6 a2 43. Bxa2 Nxa2 44. Ke3 Nb4 45. Kd4 Nd5 46. Kc5 Nf4 47. g4 Nxh3 48. Kxc6 Kg7 49. Kd7 Nf2 50. Ke6 Kg6 0-1

[Event "Titled Tuesday intern op 02nd Apr Early"]
[Site "Chess.com INT"]
[Date "2024.04.02"]
[Round "6"]
[White "Darmanin, Jake"]
[Black "Pastar, Slaven"]
[Result "1/2-1/2"]
[WhiteElo "2102"]
[BlackElo "2363"]
[PlyCount "165"]
[EventDate "2024.04.02"]
[EventType "swiss (blitz)"]
[EventRounds "11"]
[EventCountry "USA"]
[SourceTitle "CB15_2024"]
[SourceDate "2024.04.10"]
[SourceVersion "1"]
[SourceVersionDate "2024.04.10"]
[SourceQuality "1"]

1. e4 b6 2. d4 Bb7 3. Bd3 Nf6 4. Qe2 e6 5. Nf3 d5 6. Nbd2 dxe4 7. Nxe4 Nbd7 8. Bg5 Be7 9. Nxf6+ Nxf6 10. 0-0-0 h6 11. Bh4 Bxf3 12. Qxf3 Qd5 13. Bb5+ Kf8 14. Bc6 Qxf3 15. Bxf3 Rd8 16. Bg3 Bd6 17. Be5 Ke7 18. c4 Bxe5 19. dxe5 Nd7 20. Rhe1 Nc5 21. Kc2 a5 22. b3 g5 23. a3 Rxd1 24. Rxd1 Rd8 25. Rxd8 Kxd8 26. Bc6 Na6 27. Kc3 Nb8 28. Bf3 c5 29. Kd3 Ke7 30. Bb7 f5 31. exf6+ Kxf6 32. Kc3 Nd7 33. b4 axb4+ 34. axb4 Ne5 35. f3 Ng6 36. g3 Ke5 37. Bc8 Ne7 38. Bb7 Nf5 39. bxc5 bxc5 40. Kd3 h5 41. Bc6 h4 42. g4 Ne7 43. Bb7 Ng6 44. Ke3 Nf4 45. Bc8 Ng2+ 46. Kf2 Nf4 47. Ke3 Ng6 48. Bd7 Ne7 49. Be8 Nc8 50. Bd7 Nd6 51. Bb5 Nb7 52. Ba6 Na5 53. Bb5 Nb3 54. Ba6 Nd4 55. Bb7 Nc2+ 56. Kd3 Nb4+ 57. Ke3 Nc2+ 58. Kd3 Nd4 59. Ke3 Kf6 60. Ke4 Nc2 61. f4 Nd4 62. fxg5+ Kxg5 63. h3 Kf6 64. Bc8 Ne2 65. g5+ Kxg5 66. Bxe6 Nf4 67. Bg4 Ng6 68. Kd5 Kf4 69. Kxc5 Ne5 70. Be6 Nxc4 71. Kxc4 Kg5 72. Bg4 Kh6 73. Kd5 Kg7 74. Ke5 Kh8 75. Kf5 Kg8 76. Kg5 Kh8 77. Kxh4 Kg8 78. Kg5 Kh8 79. Kh6 Kg8 80. h4 Kh8 81. h5 Kg8 82. Be6+ Kh8 83. Kg6 1/2-1/2

[Event "Titled Tuesday intern op 02nd Apr Early"]
[Site "Chess.com INT"]
[Date "2024.04.02"]
[Round "11"]
[White "Darmanin, Jake"]
[Black "Yevchenko, Alexander"]
[Result "1-0"]
[WhiteElo "2102"]
[BlackElo "2276"]
[PlyCount "87"]
[EventDate "2024.04.02"]
[EventType "swiss (blitz)"]
[EventRounds "11"]
[EventCountry "USA"]
[SourceTitle "CB15_2024"]
[SourceDate "2024.04.10"]
[SourceVersion "1"]
[SourceVersionDate "2024.04.10"]
[SourceQuality "1"]

1. e4 c5 2. Nf3 d6 3. c3 Nf6 4. h3 e6 5. Bd3 Nbd7 6. Bc2 Be7 7. d4 cxd4 8. cxd4 b6 9. Nc3 Bb7 10. 0-0 e5 11. d5 a5 12. Re1 0-0 13. Bg5 h6 14. Bh4 Nc5 15. Nb5 Ba6 16. a4 Bxb5 17. axb5 Nxd5 18. Qxd5 Bxh4 19. b4 Ne6 20. bxa5 Rxa5 21. Rxa5 bxa5 22. Nxh4 Nf4 23. Qd2 Qxh4 24. Qxd6 Qg5 25. g3 Nxh3+ 26. Kg2 Nf4+ 27. Kf1 Ne6 28. b6 Rd8 29. Qc6 Nd4 30. Qc7 Nxc2 31. Qxc2 Qe7 32. Rd1 Rb8 33. Qc7 Qe8 34. Rd7 a4 35. b7 a3 36. Rxf7 Qxf7 37. Qxb8+ Kh7 38. Qa8 Qc4+ 39. Kg1 a2 40. b8Q Qc1+ 41. Kg2 a1Q 42. Qg8+ Kg6 43. Qe6+ Kg5 44. Qf5# 1-0

[Event "Titled Tuesday intern op 02nd Apr Early"]
[Site "Chess.com INT"]
[Date "2024.04.02"]
[Round "8"]
[White "Darmanin, Jake"]
[Black "Zhizmer, Yuri"]
[Result "0-1"]
[WhiteElo "2102"]
[BlackElo "2289"]
[PlyCount "52"]
[EventDate "2024.04.02"]
[EventType "swiss (blitz)"]
[EventRounds "11"]
[EventCountry "USA"]
[SourceTitle "CB15_2024"]
[SourceDate "2024.04.10"]
[SourceVersion "1"]
[SourceVersionDate "2024.04.10"]
[SourceQuality "1"]

1. e4 a6 2. d4 h6 3. c4 b6 4. Nf3 g6 5. Nc3 Bg7 6. Bd3 Bb7 7. e5 e6 8. 0-0 d6 9. Qe2 dxe5 10. dxe5 Nc6 11. Rd1 Qe7 12. b3 0-0-0 13. Bf4 g5 14. Bg3 h5 15. h4 g4 16. Ng5 Nh6 17. a3 Nd4 18. Qb2 Nhf5 19. Be4 Nxg3 20. fxg3 Bxe5 21. Bxb7+ Kxb7 22. Qf2 Nxb3 23. Rab1 Rxd1+ 24. Nxd1 Bd4 25. Ne3 Nc5 26. Kh2 f6 0-1

[Event "Titled Tuesday intern op 06th Feb Early"]
[Site "Chess.com INT"]
[Date "2024.02.06"]
[Round "4"]
[White "Valle Luis, Leo"]
[Black "Darmanin, Jake"]
[Result "1-0"]
[WhiteElo "2252"]
[BlackElo "2091"]
[PlyCount "107"]
[EventDate "2024.02.06"]
[EventType "swiss (blitz)"]
[EventRounds "11"]
[EventCountry "USA"]
[SourceTitle "CB07_2024"]
[SourceDate "2024.02.14"]
[SourceVersion "1"]
[SourceVersionDate "2024.02.14"]
[SourceQuality "1"]

1. e4 e5 2. Nf3 Nc6 3. Bb5 a6 4. Ba4 Nf6 5. 0-0 Be7 6. Re1 b5 7. Bb3 d6 8. c3 0-0 9. h3 Na5 10. Bc2 c5 11. d4 Qc7 12. Nbd2 cxd4 13. cxd4 Nc6 14. Nf1 Bd7 15. d5 Nb4 16. Bb3 Rac8 17. Re2 a5 18. a3 Na6 19. Bg5 Nc5 20. Bc2 b4 21. axb4 axb4 22. Rc1 Qb7 23. Ng3 Bb5 24. Re1 Rfe8 25. Nf5 Ncd7 26. Qd2 Bc4 27. Ba4 Bf8 28. Bxf6 Nxf6 29. Bxe8 Nxe8 30. Ne3 Ba6 31. Rxc8 Qxc8 32. Qxb4 g6 33. Qc3 Qb8 34. Ra1 Bb5 35. Ra5 Bd7 36. Nd2 Nf6 37. Qa3 Kg7 38. b4 Qc7 39. Qb2 h5 40. Ra1 Qb7 41. Qc3 Bb5 42. Ra5 Nd7 43. Qa3 Be7 44. Ra7 Qb6 45. Qa5 Qd4 46. Ndf1 Bxf1 47. Nxf1 Qxe4 48. Rxd7 Bg5 49. Qa7 Qf5 50. Ng3 Qf4 51. Rc7 h4 52. Nf1 e4 53. Rc2 Qf5 54. Ne3 1-0

[Event "Titled Tuesday intern op 16th Jan Early"]
[Site "Chess.com INT"]
[Date "2024.01.16"]
[Round "4"]
[White "Lohani, Sujana"]
[Black "Darmanin, Jake"]
[Result "0-1"]
[WhiteElo "1756"]
[BlackElo "2091"]
[PlyCount "54"]
[EventDate "2024.01.16"]
[EventType "swiss (blitz)"]
[EventRounds "11"]
[EventCountry "USA"]
[SourceTitle "CB04_2024"]
[SourceDate "2023.10.16"]
[SourceVersion "1"]
[SourceVersionDate "2023.10.16"]
[SourceQuality "1"]

1. d4 Nf6 2. Nf3 e6 3. c4 d5 4. g3 h6 5. Bg2 Bd6 6. 0-0 0-0 7. Qc2 b6 8. Rd1 Nbd7 9. cxd5 exd5 10. Nc3 a6 11. Bd2 Bb7 12. Rac1 Rc8 13. Qb3 c5 14. dxc5 Nxc5 15. Qc2 Nce4 16. Qd3 b5 17. Be3 Qe7 18. Nd4 g6 19. Bxh6 Nxf2 20. Kxf2 Ng4+ 21. Kg1 Nxh6 22. Nf3 Ng4 23. Nxd5 Bxd5 24. Qxd5 Rxc1 25. Rxc1 Qe3+ 26. Kh1 Qxc1+ 27. Ng1 Nf2# 0-1

[Event "EU Small Countries blitz op 8th"]
[Site "St Helier"]
[Date "2023.11.02"]
[Round "4"]
[White "Darmanin, Jake"]
[Black "Bourg, Nicolas"]
[Result "0-1"]
[WhiteElo "2119"]
[BlackElo "2038"]
[PlyCount "115"]
[EventDate "2023.11.02"]
[EventType "swiss (blitz)"]
[EventRounds "11"]
[EventCountry "GCI"]
[SourceTitle "CB46_2023"]
[SourceDate "2023.11.15"]
[SourceVersion "1"]
[SourceVersionDate "2023.11.15"]
[SourceQuality "1"]

1. e4 c6 2. d4 d5 3. Nc3 dxe4 4. Nxe4 Bf5 5. Ng3 Bg6 6. h4 h6 7. Nf3 Nd7 8. h5 Bh7 9. Bd3 Bxd3 10. Qxd3 Ngf6 11. Bd2 e6 12. 0-0-0 Be7 13. Nf1 Qc7 14. Ne3 c5 15. Bc3 0-0 16. d5 c4 17. Qxc4 Qxc4 18. Nxc4 Nxd5 19. Bd4 Rac8 20. b3 Rc7 21. Kb1 Rfc8 22. Rd2 Bb4 23. Rdd1 b5 24. Ne3 N7b6 25. Bxb6 Nxb6 26. Nd4 a6 27. Ne2 Bc5 28. c3 Bxe3 29. fxe3 Nd5 30. e4 Nxc3+ 31. Nxc3 Rxc3 32. Rd6 R3c6 33. Rhd1 Kf8 34. e5 R8c7 35. Rd8+ Ke7 36. Rg8 Rc5 37. Rdd8 Rxe5 38. Rde8+ Kf6 39. Ra8 Re2 40. Rxa6 Rxg2 41. Rd8 Rcc2 42. Rd7 Rb2+ 43. Kc1 Rgc2+ 44. Kd1 Rh2 45. Kc1 Rxa2 46. Rxa2 Rxa2 47. Rb7 Ra5 48. b4 Ra6 49. Rxb5 e5 50. Rc5 Kf5 51. b5 Rb6 52. Kc2 Ke4 53. Kc3 f5 54. Kb4 f4 55. Rc7 f3 56. Rxg7 Rf6 57. Kc5 f2 58. b6 0-1

[Event "EU Small Countries blitz op 8th"]
[Site "St Helier"]
[Date "2023.11.02"]
[Round "2"]
[White "Darmanin, Jake"]
[Black "Rodgaard, John"]
[Result "0-1"]
[WhiteElo "2119"]
[BlackElo "2320"]
[PlyCount "100"]
[EventDate "2023.11.02"]
[EventType "swiss (blitz)"]
[EventRounds "11"]
[EventCountry "GCI"]
[SourceTitle "CB46_2023"]
[SourceDate "2023.11.15"]
[SourceVersion "1"]
[SourceVersionDate "2023.11.15"]
[SourceQuality "1"]

1. e4 e6 2. d4 d5 3. Nc3 Bb4 4. Nge2 dxe4 5. a3 Be7 6. Nxe4 Nc6 7. Be3 Nf6 8. N2g3 0-0 9. Nxf6+ Bxf6 10. c3 b6 11. Bd3 Bb7 12. Ne4 Be7 13. Qh5 g6 14. Qh6 f6 15. h4 Rf7 16. h5 g5 17. Nxg5 fxg5 18. Qxe6 Qd6 19. Bxh7+ Kf8 20. Qxd6 cxd6 21. Bg6 Rg7 22. Bd3 Bf6 23. h6 Rg8 24. h7 Rh8 25. 0-0-0 Nd8 26. Rh6 Be7 27. Rdh1 Nf7 28. Rg6 Bxg2 29. Rh2 Bd5 30. c4 Bxc4 31. Bxc4 Rc8 32. b3 b5 33. Rg8+ Rxg8 34. hxg8Q+ Kxg8 35. Kd2 bxc4 36. bxc4 Rxc4 37. Rh3 Kg7 38. Ke2 Ra4 39. Bc1 d5 40. Rb3 Nd6 41. Kd3 Kf7 42. Bb2 Nc4 43. Bc1 g4 44. Rb7 Ke6 45. Rb3 Bxa3 46. Bf4 Bd6 47. Bc1 a5 48. Ke2 Ra2+ 49. Kf1 a4 50. Rb7 Ra1 0-1

[Event "EU Small Countries ol 8th"]
[Site "St Helier"]
[Date "2023.11.01"]
[Round "6.2"]
[White "Darmanin, Jake"]
[Black "Volpinari, Danilo"]
[Result "1-0"]
[WhiteElo "2091"]
[BlackElo "1900"]
[PlyCount "71"]
[EventDate "2023.10.29"]
[EventType "team-tourn"]
[EventRounds "9"]
[EventCountry "GCI"]
[SourceTitle "Mega2024 Update 01"]
[Source "Chessbase"]
[SourceDate "2023.11.12"]
[SourceVersion "1"]
[SourceVersionDate "2023.11.12"]
[SourceQuality "1"]
[WhiteTeam "Malta"]
[BlackTeam "San Marino"]
[WhiteTeamCountry "MLT"]
[BlackTeamCountry "SMR"]

1. e4 c5 2. c3 d6 3. d4 Nf6 4. dxc5 Nc6 5. cxd6 Nxe4 6. dxe7 Qxd1+ 7. Kxd1 Nxf2+ 8. Ke1 Nxh1 9. exf8Q+ Rxf8 10. Nf3 Bg4 11. Bb5 0-0-0 12. Bxc6 bxc6 13. Nbd2 Rfe8+ 14. Kf1 Rd3 15. a4 h5 16. a5 Rde3 17. Ra4 Re2 18. Rc4 R8e6 19. Rxc6+ Rxc6 20. Kxe2 Re6+ 21. Kf1 Bf5 22. Ne1 g5 23. Ndf3 g4 24. Nd4 Rf6 25. Kg1 Be4 26. Be3 Bd5 27. Nd3 Bc4 28. Nf4 h4 29. Kxh1 Ra6 30. b4 Rf6 31. Kg1 a6 32. g3 h3 33. Kf2 Kb7 34. Nc2 Rd6 35. Bd4 Bb3 36. Ne3 1-0

[Event "Titled Tuesday intern op 19th Sep Early"]
[Site "Chess.com INT"]
[Date "2023.09.19"]
[Round "9"]
[White "Darmanin, Jake"]
[Black "Matthiesen, Martin"]
[Result "1-0"]
[WhiteElo "2091"]
[BlackElo "2282"]
[PlyCount "105"]
[EventDate "2023.09.19"]
[EventType "swiss (blitz)"]
[EventRounds "11"]
[EventCountry "USA"]
[SourceTitle "EXT 2024"]
[Source "ChessBase"]
[SourceDate "2023.10.10"]
[SourceVersion "1"]
[SourceVersionDate "2023.10.10"]
[SourceQuality "1"]

1. e4 c5 2. Nf3 d6 3. c3 Nf6 4. h3 Nbd7 5. Bd3 b6 6. 0-0 Bb7 7. Re1 Qc7 8. Bc2 Rc8 9. Na3 e6 10. d4 cxd4 11. Nb5 Qb8 12. Nbxd4 Be7 13. Bg5 0-0 14. Rc1 Rfe8 15. Bh4 Rcd8 16. Bg3 Ne5 17. Qe2 Ng6 18. e5 dxe5 19. Nxe5 Qa8 20. f3 Bc5 21. Bf2 Nf4 22. Qd2 N6d5 23. Ba4 Re7 24. c4 Bb4 25. Qc2 Bxe1 26. Rxe1 Nf6 27. Ndc6 Red7 28. Nxd7 Rxd7 29. Ne5 Rd8 30. Bh4 Ng6 31. Nxg6 hxg6 32. Rd1 Qc8 33. Rxd8+ Qxd8 34. Bf2 Nh5 35. Qc1 g5 36. Qe3 Nf4 37. Bc2 Qf6 38. b3 Qa1+ 39. Qe1 Qxa2 40. Bd1 Qb1 41. Qd2 Qf5 42. Qd8+ Kh7 43. Qd2 g6 44. Kh2 Qe5 45. Bg3 Qc5 46. h4 Nh5 47. hxg5 Nxg3 48. Kxg3 Qe5+ 49. Qf4 Qxf4+ 50. Kxf4 Kg7 51. Ke5 Kf8 52. Kd6 Bc8 53. Kc7 1-0

[Event "Titled Tuesday intern op 12th Sep Early"]
[Site "Chess.com INT"]
[Date "2023.09.12"]
[Round "3"]
[White "Darmanin, Jake"]
[Black "Pinheiro, Iung Alicio"]
[Result "0-1"]
[WhiteElo "2091"]
[BlackElo "2306"]
[PlyCount "62"]
[EventDate "2023.09.12"]
[EventType "swiss (blitz)"]
[EventRounds "11"]
[EventCountry "USA"]
[SourceTitle "EXT 2024"]
[Source "ChessBase"]
[SourceDate "2023.10.10"]
[SourceVersion "1"]
[SourceVersionDate "2023.10.10"]
[SourceQuality "1"]

1. e4 c5 2. Nf3 Nc6 3. c3 d5 4. exd5 Qxd5 5. d4 Bg4 6. Be2 e6 7. dxc5 Qxc5 8. Be3 Qh5 9. h3 Nf6 10. 0-0 Bxh3 11. gxh3 Qxh3 12. Ng5 Qh4 13. Kg2 Nd5 14. Qc1 Be7 15. f4 Bxg5 16. fxg5 Qe4+ 17. Kf2 f6 18. Bf3 Qh4+ 19. Kg2 Ne5 20. Rh1 Qc4 21. b3 Qd3 22. Bxd5 Qxd5+ 23. Kh2 fxg5 24. Qd1 Qe4 25. Bf2 Ng4+ 26. Kg1 0-0 27. Bd4 Ne3 28. Qe2 Rf1+ 29. Qxf1 Nxf1 30. Rh3 Rf8 31. Na3 Qg4+ 0-1

[Event "Olympiad-44"]
[Site "Chennai"]
[Date "2022.07.30"]
[Round "2.1"]
[White "Dos Reis, Tito"]
[Black "Darmanin, Jake"]
[Result "0-1"]
[WhiteElo "1658"]
[BlackElo "2101"]
[PlyCount "131"]
[EventDate "2022.07.29"]
[EventType "team-swiss"]
[EventRounds "11"]
[EventCountry "IND"]
[SourceTitle "CBM 210"]
[Source "ChessBase"]
[SourceDate "2022.10.31"]
[SourceVersion "1"]
[SourceVersionDate "2022.10.31"]
[SourceQuality "1"]
[WhiteTeam "Timor Leste"]
[BlackTeam "Malta"]
[BlackTeamCountry "MLT"]

1. f4 d5 2. Nf3 c5 3. e3 Nf6 4. c3 Nc6 5. d4 g6 6. Bd3 Bg7 7. Nbd2 Qb6 8. Qe2 0-0 9. 0-0 Qc7 10. a3 c4 11. Bc2 b5 12. Ne5 a5 13. e4 Bb7 14. Nxc6 Qxc6 15. e5 Nd7 16. f5 b4 17. fxg6 fxg6 18. Nf3 b3 19. Bb1 Rae8 20. Bd2 Bc8 21. Qe1 Nb6 22. Qh4 Na4 23. Bc1 Qb6 24. Rf2 Bf5 25. Bh6 e6 26. Bxg7 Kxg7 27. Bxf5 Rxf5 28. g4 Rff8 29. Raf1 h6 30. Ne1 Qd8 31. Rf6 Nxb2 32. R1f3 Na4 33. Rh3 Rh8 34. Rhf3 Ref8 35. Qf2 Rxf6 36. Rxf6 Qe8 37. Nf3 b2 38. Qc2 Rf8 39. g5 hxg5 40. Nd2 Rxf6 41. exf6+ Kxf6 42. Nb1 Kg7 43. Kg2 Qc6 44. Qe2 Kh6 45. Qe5 Kh7 46. Qxg5 Qe8 47. Qf6 Kg8 48. Qe5 Qf7 49. Qb8+ Kh7 50. Qb5 Qf5 51. Qb7+ Kh6 52. Qb8 Qe4+ 53. Kg3 Qd3+ 54. Kg4 Qe2+ 55. Kg3 Qe1+ 56. Kg2 Qe2+ 57. Kg3 Qd3+ 58. Kg2 Qxb1 59. Qf4+ g5 60. Qf6+ Qg6 61. Qh8+ Qh7 62. Qf8+ Qg7 63. Qb8 Nxc3 64. Qxb2 Qxd4 65. Qf2 Qxf2+ 66. Kxf2 0-1